000 00548nam a2200169 a 4500
001 000028056
005 20200930031319.0
008 110404s2006 dr a 000 0 spa d
020 _a9945420054
040 _aDO-SdBNP
_bspa
_cBNPHU
082 _axxxx
_bH519
100 1 _aHenríquez, Rafael Américo
_927386
245 1 0 _aRosa de tierra :
_bselección /
_cRafael Américo Henríquez.
260 _aSan Francisco de Macoris, República Dominicana :
_bEditora Nacional
_bAngeles de Fierro,
_c2006.
300 _a40 p. :
_bil. ;
_c18 cm.
049 _aBNPD
999 _c27548
_d27548